LEADER 00942nam0-22003611--450- 001 990003019630403321 005 20060215122214.0 035 $a000301963 035 $aFED01000301963 035 $a(Aleph)000301963FED01 035 $a000301963 100 $a20030910d1934----km-y0itay50------ba 101 0 $aita 102 $aIT 200 1 $a<>Boicottaggio$eSaggio su un aspetto delle crisi$fRoberto Michels 210 $aTorino$cEinaudi$d1934 215 $a134 p.$d23 cm 225 1 $aProblemi contemporanei$v3 676 $aE/4.3 676 $aE/4.4 676 $aF/1.311 676 $aO/2.225 676 $aO/3.31 700 1$aMichels,$bRobert$f<1876-1936>$0119416 801 0$aIT$bUNINA$gRICA$2UNIMARC 901 $aBK 912 $a990003019630403321 952 $aO/3.31 MIC$b13112/RI$fSES 952 $aXV C 13 (3)$bs.i.$fFGBC 959 $aSES 959 $aFGBC 996 $aBoicottaggio$9467323 997 $aUNINA LEADER 00948nam0-22003251i-450 001 990005613540403321 005 20260206104431.0 010 $a3766704095 035 $a000561354 035 $aFED01000561354 035 $a(Aleph)000561354FED01 035 $a000561354 100 $a19990604d1977----km-y0itay50------ba 101 0 $ager 105 $aa-------00--- 200 1 $aAmulett und Talisman$eErscheinungsform und Geschichte$fLiselotte Hansmann, Lenz Kriss-Rettenbeck 205 $a2. Aufl 210 $aMnnchen$cGeorg. D.W. Callwey$dc1977 215 $a444 p.$cill.$d22 cm 610 0 $aAmuleti 676 $a133.44$v21$zita 700 1$aHansmann,$bLiselotte$0216599 701 1$aKriss-Rettenbeck,$bLenz$0215203 801 0$aIT$bUNINA$gRICA$2UNIMARC 901 $aBK 912 $a990005613540403321 952 $a199.5 HANL 01$bST. ARTE 14247$fFLFBC 959 $aFLFBC 996 $aAmulett und Talisman$9603350 997 $aUNINA